书目信息 |
| 题名: |
反腐倡廉监督教程
|
|
| 作者: | 肖建国 主编 | |
| 分册: | ||
| 出版信息: | 北京 中国方正出版社 2007 |
|
| 页数: | 297页 | |
| 开本: | 23cm | |
| 丛书名: | ||
| 单 册: | ||
| 中图分类: | D630.9 | |
| 科图分类: | ||
| 主题词: | 廉政--监督--中国--教材 , 廉政 , 监督 | |
| 电子资源: | ||
| ISBN: | 978-7-80216-311-9 | |
| 000 | 01040nam0 2200277 450 | |
| 001 | 200805000025 | |
| 005 | 20080203143141.0 | |
| 010 | @a978-7-80216-311-9@dCNY32.00 | |
| 035 | @a003691852 | |
| 100 | @a20080102d2007 em y0chiy0110 ea | |
| 101 | 0 | @achi |
| 102 | @aCN@b110000 | |
| 105 | @ay z 000yy | |
| 106 | @ar | |
| 200 | 1 | @a反腐倡廉监督教程@Afan fu chang lian jian du jiao cheng@f肖建国主编 |
| 210 | @a北京@c中国方正出版社@d2007 | |
| 215 | @a297页@d23cm | |
| 300 | @a新编纪检监察业务教材 | |
| 330 | @a本书内容包括:一是对马克思主义关于监督的基本思想进行了阐述;二是对中国古代和西方国家不同历史时期的监督体系和监督理论进行初步的介绍;三是依据《中国共产党党内监督条例(试行)》等分别对党内监督、人大监督、政府专门机关监督、司法监督、政协监督和社会监督的主要内容、对象、重点等首次作了较为系统地论述等。 | |
| 606 | 0 | @a廉政@x监督@y中国@j教材 |
| 606 | 0 | @a廉政 |
| 606 | 0 | @a监督 |
| 690 | @aD630.9@v4 | |
| 701 | 0 | @a肖建国@Axiao jian guo@c(出版社社长)@4主编 |
| 801 | 0 | @aCN@c20080204 |
| 905 | @b20653294-95@dD630.9@eX291 | |
| 反腐倡廉监督教程/肖建国主编.-北京:中国方正出版社,2007 |
| 297页;23cm |
| 新编纪检监察业务教材 |
| ISBN 978-7-80216-311-9:CNY32.00 |
| 本书内容包括:一是对马克思主义关于监督的基本思想进行了阐述;二是对中国古代和西方国家不同历史时期的监督体系和监督理论进行初步的介绍;三是依据《中国共产党党内监督条例(试行)》等分别对党内监督、人大监督、政府专门机关监督、司法监督、政协监督和社会监督的主要内容、对象、重点等首次作了较为系统地论述等。 |
| ● |
| 相关链接 |
|
|
|
正题名:反腐倡廉监督教程
索取号:D630.9/X291
 
预约/预借
| 序号 | 登录号 | 条形码 | 馆藏地/架位号 | 状态 | 备注 |
| 1 | 653294 | 206532947 | 社科库509/509社科库 74排5列3层/ [索取号:D630.9/X291] | 在馆 | |
| 2 | 653295 | 206532956 | 社科库509/509社科库 74排5列3层/ [索取号:D630.9/X291] | 在馆 |